| 000 | 00826nam a2200205 a 4500 | ||
|---|---|---|---|
| 001 | 000005342 | ||
| 005 | 20200929151640.0 | ||
| 008 | 090819s1985 sp abd 000 0 eng d | ||
| 020 | _a840063937 | ||
| 040 |
_aDO-SdBNP _beng _cBNPHU |
||
| 082 |
_a155.5 _bI61p |
||
| 111 | 2 |
_aInternational Symposium on Earth Tides _n(10a : _d1985 sept. 23-27 : _cMadrid ) _915146 |
|
| 245 | 1 | 0 |
_aProceedings of the tenth international symposium on earth tides : _b(with special sessions dedicated to ocean tides) / _ceditor Ricardo Vieira. |
| 260 |
_aMadrid, : _bCSIC, _c1985. |
||
| 300 |
_alv, 969 p. : _bil., maps. y diagrs. ; _c25 cm. |
||
| 504 | _aIncluye referencias bibliográficas y notas al pie de las páginas | ||
| 700 | 1 |
_aViera, Ricardo, _eed. _915147 |
|
| 710 | 1 |
_aConsejo Superior de Investigaciones Científicas _94786 |
|
| 049 | _aBNPD | ||
| 999 |
_c5143 _d5143 |
||